| 000 | 00357nam a2200145Ia 4500 | ||
|---|---|---|---|
| 005 | 20250405122343.0 | ||
| 008 | 240331s9999 xx 000 0 und d | ||
| 082 |
_bSOM _a894 |
||
| 100 | _aSomakandhan, N | ||
| 245 | 0 | _aAhuthi | |
| 260 |
_aJaffna _bMallikai Panthal _c1986 |
||
| 300 | _aXviil, 124 p ., | ||
| 500 | _aA Collection of Short Stories | ||
| 942 | _cL | ||
| 999 |
_c4126 _d4126 |
||